| 000 | 00790nam0a22002411 4500 | ||
|---|---|---|---|
| 001 | rc\2640419 | ||
| 005 | 20250529185558.0 | ||
| 035 | _a(NLR Aleph) 006948408 | ||
| 090 |
_a5222598 _c5222598 |
||
| 100 | _a20110604d1932 |||y0rusy50 ca | ||
| 101 | 0 | _arus | |
| 102 | _aRU | ||
| 105 | _ay z ||||| | ||
| 200 | 1 | _aКоэфициент бокового сжатия регуляторов | |
| 210 |
_a[Москва] _a[Ташкент] _cБ. и. _d[1932] |
||
| 215 | _a27-40 с. | ||
| 300 | _aВ кн.: Инж. П.И. Васин. Размывающие скорости в лессовых грунтах. М.-Ташкент, 1932. с. 27-40 | ||
| 700 | 1 |
_aБан _bС.С. |
|
| 801 | 0 |
_aRU _bNLR _gpsbo |
|
| 801 | 1 |
_aRU _bELAR _2rusmarc |
|
| 852 |
_aNLR _j33-19/239(6) |
||
| 942 | _cBOOK | ||
| 980 | _aNB | ||